VfB Stuttgart all-time top scorers - Statistics

General Stats
  • This quiz has been taken 36 times
  • The average score is 4 of 10
Answer Stats
Goals Nationality Player % Correct
110 Germany Mario Gómez
94%
109 Brazil / Germany Cacau
76%
124 Germany Fritz Walter
59%
94 Germany Jürgen Klinsmann
59%
167 Germany Karl Allgöwer
56%
102 Germany Robert Schlienz
29%
157 Germany Hermann Ohlicher
21%
114 Germany Erwin Waldner
6%
98 Germany Otto Baitinger
6%
140 Germany Rolf Blessing
6%
No matching quizzes found
Score Distribution
Percent of People with Each Score
Percentile by Number Answered
Your Score History
You have not taken this quiz